| 000 | 00344nam a2200133Ia 4500 | ||
|---|---|---|---|
| 008 | 210210b1965 xxu||||| |||| 00| 0 eng d | ||
| 082 | _a306.8 SENE | ||
| 100 | _aSENGUPTA (Nilakshi). | ||
| 245 | _aEvolution of hindu marriage. | ||
| 260 |
_aBombay _bPopular Prakashan _c1965 |
||
| 300 | _a191 | ||
| 690 | _aMarriage & Family | ||
| 906 | _aSG00550 | ||
| 999 |
_c112229 _d112229 |
||